Documentos completos del Vaticano II
محفوظ في:
| التنسيق: | كتاب |
|---|---|
| اللغة: | الإسبانية |
| منشور في: |
Bilbao
Mensajero
1986
|
| الطبعة: | 15a. ed |
| سلاسل: | Colección Bolsillo Mensajero, 12
|
| الموضوعات: | |
| الوسوم: |
إضافة وسم
لا توجد وسوم, كن أول من يضع وسما على هذه التسجيلة!
|
MARC
| LEADER | 00000nam a2200000 a 4500 | ||
|---|---|---|---|
| 001 | UCW9150 | ||
| 003 | CL-VaPUC | ||
| 008 | 881213e19860000SP |||||||||||||||||spa|d | ||
| 082 | 0 | 4 | |a 262.91 |b DOC |2 21 |
| 245 | 1 | 0 | |a Documentos completos del Vaticano II |
| 250 | |a 15a. ed | ||
| 300 | |a 573 p | ||
| 942 | |c BK | ||
| 945 | |d 19881213 00:00:00 | ||
| 260 | |a Bilbao |b Mensajero |c 1986 | ||
| 650 | 0 | |a Concilio Vaticano II |9 258399 | |
| 583 | |a last modification |c 20130925 05:24:18 |k Rodrigo Vera | ||
| 490 | 0 | |a Colección Bolsillo Mensajero, 12 | |
| 999 | |c 221189 |d 221187 | ||
| 952 | |0 0 |1 0 |4 0 |6 262_910000000000000_DOC_1986 |7 0 |8 A |9 214248 |a BIBTEO |b BIBTEO |d 2019-11-15 |i 2828707 |o 262.91 DOC 1986 |p 2828707 |r 2025-01-17 |w 2019-11-15 |y BK |k ICR | ||
| 952 | |0 0 |1 0 |4 0 |6 262_910000000000000_DOC_1986 |7 0 |8 A |9 214249 |a BIBTEO |b BIBTEO |d 2019-11-15 |i 2828715 |o 262.91 DOC 1986 |p 2828715 |r 2025-01-17 |w 2019-11-15 |y BK |k ICR | ||
| 952 | |0 0 |1 0 |4 0 |6 262_910000000000000_DOC_1986 |7 0 |8 A |9 214250 |a BIBTEO |b BIBTEO |d 2019-11-15 |i 2100894 |o 262.91 DOC 1986 |p 2100894 |r 2025-01-17 |w 2019-11-15 |y BK |k ICR | ||